00311nam a2200133Ia 45000030006000000080041000060400015000471000023000622450023000852600036001083000006001445460010001500050017001600STCL150530s9999 xx 000 0 und d aSTCLcSTCL aHarisankar Parsayi aVaishnav Ki Fislan bRajkamal Prakashan; Delhic1976 a0 aHindi20220125171230.0